000 00657nam a2200217 a 4500
001 000028598
003 DO-SdBNP
005 20220913143402.0
007 ta
008 110411s19uu dr 000 0 spa d
040 _aDO-SdBNP
_bspa
_cBNPHU
082 _axxx
_bC389f
100 _aCedeño Jiménez, Victor Livio,
_910282
_d1942-
245 1 4 _aLas fusiones bancarias /
_cVíctor Livio Cedeño.
260 _a[Santo Domingo] :
_bFundación Dominico Hispano,
_c[19--?].
300 _a47 p. ;
_c22 cm.
500 _aIncluye datos biográficos del autor en la contraportada.
590 _aInventariado, 2022/ YL
910 _aYLockward
942 _2ddc
_cLF2
999 _c28090
_d28090